1358 1241 1952 1463 1640 1910 1636 1735 1357 1203 1382 1947 1730 1950 1618 1095 1493 1541 1311 1755 1277 1378 1919 1567 1599 1498 1182 1049 1522 1322 1875 1114 1754 1813 1661 1015 1232 1851 1508 1427 1188 1088 1370 1283 1138 1030 1023 1380 1802 1842 1761 1400 1251 1144 1668 1867 1498 1228 1093 1760 1117 1243 1937 1918 1817 1200 1617 1571 1851 1628 1288 1376 1449 1654 1115 1774 1203 1373 1641 1878 1050 1035 1679 1537 1323 1048 1659 1397 1028 1651 1464 1377 1442 1807 1041 1541 1763 1761 1184 BCNSPRNW ULIB Ver.6.0+V

เปลี่ยนเป็นภาษาไทย

Change to English
 แสดงรายละเอียดบรรณานุกรม
  กลับหน้าหลัก

Brief Record : Get Marc (ISO 2709) : E-mail record : QR code < ปิดหน้าต่าง
LEADER : 00000nam 2200000uu 4500
001    13399128388
003     ULIB
008    230725s2565||||th 000 0 tha d
020    ^a9789749993705
060 04 ^aQS4^bว724ก
100 0  ^aวิไล ชินธเนศ
245 10 ^aกายวิภาคศาสตร์ของมนุษย์ =^bHuman anatomy /^cวิไล ชินธเนศ,ธันวา ตันสถิตย์ และ มนตกานต์ ตันสถิตย์
246 31 ^aHuman anatomy
250    ^aพิมพ์ครั้งที่ 23
260    ^aกรุงเทพฯ :^bเฟื่องฟ้า,^c2565
300    ^a304, [xxi] :^bภาพประกอบ ;^c29 ซม.
650  7 ^aกายวิภาคศาสตร์
700 0  ^aมนตกานต์ ตันสถิตย์
700 0  ^aธันวา ตันสถิตย์
710 2  ^aจุฬาลงกรณ์มหาวิทยาลัย. ^bคณะแพทยศาสตร์.^bภาควิชากายวิภาคศาสตร์
945    ^p200^l0^i009913
945    ^p200^l0^i009914
945    ^p200^l0^i009915
945    ^p200^l0^i009916
945    ^p200^l0^i009917
999    ^aประนอม เกษจรัล
รายการนี้ยังไม่มีแท็ก
คุณยังไม่ได้ล็อกอิน คุณสามารถมีกิจกรรมร่วมกับเว็บไซต์ได้ แต่ต้องล็อกอินก่อน ::
  ล็อกอิน

รายการสื่อสารสนเทศ

ลำดับที่ ประเภท เลขเรียก/บาร์โค้ด สถานที่ สถานะ
1. วิทยาศาสตร์การแพทย์ และสุขภาพ
หนังสือสำรอง
สถานะ=หนังสือสำรอง
QS4 ว724ก ฉ.1 
  Barcode: 009913
ห้องสมุดวิทยาเขตสวรรค์ประชารักษ์
►หนังสือทั่วไป
บนชั้น
2. วิทยาศาสตร์การแพทย์ และสุขภาพ
วิทยาศาสตร์การแพทย์ และสุขภาพ
QS4 ว724ก ฉ.2 
  Barcode: 009914
ห้องสมุดวิทยาเขตสวรรค์ประชารักษ์
►หนังสือทั่วไป
บนชั้น
3. วิทยาศาสตร์การแพทย์ และสุขภาพ
วิทยาศาสตร์การแพทย์ และสุขภาพ
QS4 ว724ก ฉ.3 
  Barcode: 009915
ห้องสมุดวิทยาเขตสวรรค์ประชารักษ์
►หนังสือทั่วไป
บนชั้น
4. วิทยาศาสตร์การแพทย์ และสุขภาพ
วิทยาศาสตร์การแพทย์ และสุขภาพ
QS4 ว724ก ฉ.4 
  Barcode: 009916
ห้องสมุดวิทยาเขตสวรรค์ประชารักษ์
►หนังสือทั่วไป
บนชั้น
5. วิทยาศาสตร์การแพทย์ และสุขภาพ
วิทยาศาสตร์การแพทย์ และสุขภาพ
QS4 ว724ก ฉ.5 
  Barcode: 009917
ห้องสมุดวิทยาเขตสวรรค์ประชารักษ์
►หนังสือทั่วไป
บนชั้น

รายการใกล้เคียง
    ผู้แต่ง [วิไล ชินธเนศ]

    หัวเรื่อง [กายวิภาคศาสตร์]

BibComment


ยังไม่เคยถูกคอมเมนท์

คอมเมนท์ทรัพยากรรายการนี้
  คอมเมนท์: กายวิภาคศาสตร์ขอ..


 Copyright 2026. Bcnsprnw @Library